000 00261nam a2200097Ia 4500
001 725712
005 20250826163415.0
008 250824s9999 xx 000 0 und d
245 0 _aBİR GÖÇMEN KIZI HİKAYESİ ABŞAR
_cHASAN SARI
260 _bATLIKARINCA YAYINLARI
999 _c725712
_d725712